| 000 | 01657nam a2200253Ia 4500 | ||
|---|---|---|---|
| 008 | 260220t1974||||xx |||||||||||||| ||spa|| | ||
| 020 | _a8423966631 | ||
| 040 |
_aPY-SlUNAC _bspa _erda |
||
| 041 | _aspa | ||
| 082 |
_a181.45 _bAu923y |
||
| 100 |
_aAuguste Pierre _eAutor |
||
| 245 | 0 |
_aEl yoga / _cpor Auguste Pierre [Autor] |
|
| 264 |
_aMadrid : _bEspasa-Calpe, _c℗1974. |
||
| 300 | _a1 volumen | ||
| 520 | _aEl libro "El yoga" de Auguste Pierre es una exploración profunda de esta antigua práctica espiritual y física originaria de la India, que busca la unión del cuerpo, la mente y el espíritu. A lo largo de sus páginas, el autor desglosa los principios fundamentales del yoga, sus diversas formas y técnicas, así como su evolución a lo largo de los siglos. Pierre presenta una visión integral que abarca no solo los aspectos físicos, como las asanas y la respiración, sino también la filosofía subyacente que sustenta esta disciplina. Además, el autor destaca los beneficios del yoga para la salud mental y emocional, promoviendo la meditación como herramienta para alcanzar un estado de bienestar. La obra también incluye reflexiones sobre la aplicación del yoga en la vida cotidiana y su capacidad para transformar la percepción del individuo sobre sí mismo y su entorno. En conjunto, el texto se erige como un manual para comprender y practicar el yoga en un contexto moderno. | ||
| 653 | _aBienestar | ||
| 653 | _aRelajación | ||
| 653 | _aYoga | ||
| 942 |
_b2026/02/17 _cBK |
||
| 999 |
_c6819 _d6819 |
||